[Event "Maastricht Limburg op-C 5th"]
[Site "Maastricht"]
[Date "2011.06.13"]
[Round "7"]
[White "Beukema, Jasper"]
[Black "Preuter, Carlos"]
[Result "1-0"]
[WhiteElo "1580"]
[BlackElo "1676"]
[PlyCount "173"]
[EventDate "2011.06.10"]
[EventType "swiss"]
[EventRounds "7"]
[EventCountry "NED"]
[SourceTitle "EXT 2012"]
[Source "ChessBase"]
[SourceDate "2011.11.24"]
[SourceVersion "1"]
[SourceVersionDate "2011.11.24"]
[SourceQuality "1"]

1. e4 d5 2. exd5 Qxd5 3. Nc3 Qe6+ 4. Be2 Qg6 5. Bf3 c6 6. d3 e5 7. Nge2 Bg4 8. Ng3 Bxf3 9. Qxf3 Nd7 10. 0-0 Bd6 11. Nce4 Bc7 12. Qf5 Ne7 13. Qxg6 hxg6 14. Be3 f5 15. Nc5 f4 16. Ne6 Bd6 17. Ne4 Nf5 18. Nxd6+ Nxd6 19. Bc5 Nxc5 20. Nxc5 0-0-0 21. Rfe1 Rde8 22. a4 Kc7 23. a5 g5 24. Ne4 g4 25. a6 b6 26. Nxd6 Kxd6 27. Ra4 Rh5 28. g3 g5 29. Rae4 c5 30. c4 Re6 31. b3 Rh3 32. R4e2 f3 33. Re3 Reh6 34. Rxe5 Rxh2 35. Rd5+ Kc6 36. Re6+ Rxe6 37. Kxh2 Rg6 38. Re5 b5 39. Re4 Rd6 40. Rxg4 Rxd3 41. Rxg5 Kb6 42. Rg6+ Ka5 43. Rc6 Rxb3 44. Rxc5 Kxa6 45. cxb5+ Rxb5 46. Rc6+ Kb7 47. Rc3 Rh5+ 48. Kg1 Rf5 49. Kf1 a5 50. Ke1 Kb6 51. Kd2 Kb5 52. Kc2 a4 53. Kb2 Kb4 54. Ra3 Rf7 55. Re3 Kc4 56. Ra3 Rb7+ 57. Kc2 Ra7 58. Rxf3 a3 59. Kb1 Kb4 60. Ka2 Re7 61. Rf4+ Kc3 62. Kxa3 Kd2 63. Kb3 Ke2 64. Kc3 Rg7 65. Kd4 Kf1 66. Ke3 Kg2 67. g4 Rg5 68. f3 Kg3 69. Rf5 Rg7 70. Ke4 Re7+ 71. Kd5 Rg7 72. g5 Kh4 73. f4 Kh5 74. g6+ Kh6 75. Rf6 Ra7 76. f5 Ra5+ 77. Ke6 Ra6+ 78. Ke5 Ra5+ 79. Kd4 Kg7 80. Rf7+ Kh8 81. f6 Ra8 82. Ke5 Re8+ 83. Kf5 Ra8 84. Kg5 Ra5+ 85. Kh6 Ra8 86. Rh7+ Kg8 87. f7+ 1-0